000 00814nam a2200253 4500
003 OSt
005 20240625083638.0
006 a
008 240625b |||||||| |||| 00| 0 eng d
020 _a9780521181211
040 _aDWCL-Main lib.
_cOC
082 _2First edition
_aCirc. 193 K16a 2007
100 _aZoller, Gunter
245 _aAnthropology, history, and education /
250 _aFirst edition
260 _aCambridge :
_bCambridge University Press,
_cc2007.
300 _axvi,
_b597 p. ;
_c23 cm.
490 _3The Cambridge edition of the works of Immanuel Kant in translation
504 _aIncludes bibliographical references & index.
650 _a1. Man.
650 _a2. History-Philosophy.
650 _a3. Education-Philosophy.
942 _2ddc
_n0
_cBK-CIRC
_eFirst edition
_kCirc.
999 _c1345
_d1345